| 000 | 00787nam a22002297a 4500 | ||
|---|---|---|---|
| 003 | UA-OsUOA | ||
| 001 | 103336 | ||
| 007 | ta | ||
| 008 | 20131028b un ||||| |||| 00| 0 ukr d | ||
| 090 |
_a821.161.2 _bП16 |
||
| 942 | _cBK | ||
| 040 |
_aUA-OsUOA _bukr _cUA-OsUOA _dUA-OsUOA |
||
| 245 |
_aПанчатантра (П'ять кошиків житейської мудрості). Шукасаптаті (Сімдесят оповідок папуги) _bзбірник _cпереклад, передм. І. Серебрякова |
||
| 300 | _a383 с. | ||
| 955 | _a3 | ||
| 041 | _aukr | ||
| 080 | _a821.161.2 | ||
| 020 | _a5-308-00168-5 | ||
| 260 |
_aК. _bДніпро _c1988 |
||
| 650 | 7 |
_a82 Література. Літературознавство _2UDC |
|
| 999 |
_c389960 _d389960 |
||